|
|
|
|
| LEADER |
00000naa2a2200000 4500 |
| 001 |
79530 |
| 005 |
20231031094309.0 |
| 035 |
|
|
|a (RuTPU)RU\TPU\book\85500
|
| 090 |
|
|
|a 79530
|
| 100 |
|
|
|a 20050819d2001 k y0rusy50 ca
|
| 101 |
0 |
|
|a rus
|
| 102 |
|
|
|a RU
|
| 200 |
1 |
|
|a Некоторые аспекты к формированию "образовательного стандарта нового поколения"
|f М. Е. Тотьменинов
|
| 463 |
|
0 |
|0 (RuTPU)RU\TPU\book\38730
|t Образовательный стандарт нового поколения. Организационно-технологическое и материально-техническое обеспечение
|o Труды научно-практической конференции
|f Томский политехнический университет; Образовательный стандарт нового покаления. Организационно-технологическое и материально-техническое обеспечение
|v С. 26.
|d 2001
|p 152 с.
|
| 610 |
1 |
|
|a образовательный стандарт
|
| 610 |
1 |
|
|a формирование
|
| 610 |
1 |
|
|a образование
|
| 610 |
1 |
|
|a труды учёных ТПУ
|
| 700 |
|
1 |
|a Тотьменинов
|b М. Е.
|
| 801 |
|
1 |
|a RU
|b 63413507
|c 20050819
|g PSBO
|
| 942 |
|
|
|c BK
|